000 00844nas a2200277 4500
001 BR0204665
003 BR-BrBNA
005 20231205103235.0
007 ta
008 230509b bl.|||p| |||| 00| 00por d
040 _aBR-BrBNA
_bpor
_cBiblioteca Nacional de Agricultura
041 _a(Pt)
072 _aF50
100 1 _aCaldato, S.L.
100 1 _aLonghi, S.J.
100 1 _aFloss, P.A.
245 1 _aEstrutura populacional de Ocotea porosa (Lauraceae)em uma floresta ombrófila mista, em Caçador (SC)
650 _aIMBUIA
650 _aFLORESTA
650 _aDINÂMICA POPULACIONAL
650 _aLEVANTAMENTO POPULACIONAL
650 _aSANTA CATARINA
773 0 _tCiência Florestal (Brazil)
_xISSN 0103-9954
_g(Jun 1999), v. 9(1) p. 89-101
_wBR0204665
909 _a202311
_bLúcia
_c55
_dLúcia Elande
942 _2AGRIS
_n0
_cANA
999 _c171837
_d171837